Basic concepts of microprocessors / (Record no. 41512)

MARC details
000 -LEADER
fixed length control field 00738nam a22002057a 4500
005 - DATE AND TIME OF LATEST TRANSACTION
control field 20100813111825.0
010 ## - LCCN (DPL NO)
LC control number ENG-100049
020 ## - INTERNATIONAL STANDARD BOOK NUMBER
International Standard Book Number 9788190949033
Terms of availability 155.00
035 ## - SYSTEM CONTROL NUMBER
System control number EN-83531
037 ## - SOURCE OF ACQUISITION
Source of stock number/acquisition DBAD/PUB
082 ## - DEWEY DECIMAL CLASSIFICATION NUMBER
Classification number 001.64044
100 ## - MAIN ENTRY--PERSONAL NAME
Personal name Murali, M. K.
245 ## - TITLE STATEMENT
Title Basic concepts of microprocessors /
Statement of responsibility, etc by M. K. Murali
260 ## - PUBLICATION, DISTRIBUTION, ETC. (IMPRINT)
Place of publication, distribution, etc Tiruchirapalli
Name of publisher, distributor, etc Golden Net Publications
Date of publication, distribution, etc 2009
270 ## - ADDRESS
Address 20, Chinthamani Bazzar
City Tiruchirapalli
Postal code 620002
300 ## - PHYSICAL DESCRIPTION
Extent 105p.
Dimensions 20cm (pbk)
650 ## - SUBJECT ADDED ENTRY--TOPICAL TERM
Topical term or geographic name as entry element Microprocessors
942 ## - ADDED ENTRY ELEMENTS (KOHA)
Source of classification or shelving scheme Dewey Decimal Classification
Item type English Books
Classification part 001.64044
Call number suffix MUR
Holdings
Withdrawn status Lost status Not for loan Collection code Home library Current library Date acquired Source of acquisition Cost, normal purchase price Full call number Barcode Copy number Cost, replacement price Koha item type
    Not For Loan Non-fiction D.B.Act.Division D.B.Act.Division 13/08/2010 DBAD/PUB 155.00 001.64044 MUR EN-83581 1 155.00 English Books

© Delhi Public Library
Hit Counter
free hit counter